000 00656nam a22001937a 4500
003 OSt
005 20260317074342.0
008 260317b |||||||| |||| 00| 0 eng d
040 _aDWCL GS lib
_cOC
100 _aSTILTON, GERONIMO
245 _a Play it again, Mozart!
_cSTILTON, GERONIMO
260 _a New York
_bPapercutz
_c2011
300 _avii, 50 pages
_c23cm.
520 _aPlay It Again, Mozart! (Geronimo Stilton Graphic Novel #8) follows Geronimo as he travels back in time to 1770s Milan, Italy.
546 _aEnglish
650 _2 children's graphic novel
650 _2The Importance of Hard Work Over Talent
942 _2ddc
_cFIC.
_n0
999 _c9238
_d9238